| 000 | 03096cam a22004814i 4500 | ||
|---|---|---|---|
| 003 | PE-LiUPU | ||
| 005 | 20250731173054.0 | ||
| 008 | 180309s2017 ne r 001 0 eng d | ||
| 020 | _a9789004344174 | ||
| 035 | _a(Sirsi) a241503 | ||
| 040 |
_aPE-LiUPU _bspa _cPE-LiUPU _erda |
||
| 049 | _aPRUA | ||
| 082 | 0 | 4 |
_a270.82 _bA5 _223 |
| 245 | 0 | 0 |
_aAnnual review of the sociology of religion . _nVolumen 8, _pPentecostals and the body / _cedited by Michael Wilkinson, Peter Althouse. |
| 264 | 1 |
_aLeiden : _bBrill, _c2017. |
|
| 300 |
_ax, 335 páginas ; _c25 centimetros. |
||
| 336 |
_atext _2rdacontent |
||
| 337 |
_aunmediated _2rdamedia |
||
| 338 |
_avolume _2rdacarrier |
||
| 490 | 0 |
_aAnnual review of the sociology of religion ; _vvol. 8 |
|
| 504 | _aÍndices: páginas 330-335. | ||
| 505 | 0 | _aRitual, emotion, and experience -- Pentecostalism, the body, and embodiment -- Emotional regimes in the embodiment of charismatic prayer -- Spiritual property rights to bodily practives: pentecostal views of yoga and meditation as inviting demonization -- Worship rituals, discipline, and pentecostal-charismatic "techiques du corps" in the American Midwest -- Embodied gospel: the meteriality of pentecostal theology -- Pentecostal revivalism and the body -- Globalization, migration, and meaning Before habitus: embodies indeterminacy in black atlantic pentecostalism -- Emotions and spiritual knowledge: navigating (in) stabilities in migrant initiated churchesQ indiv -- Pentecostal rituals, human wellbeing, and the reshaping of African migrants at word comunication ministries, belgium -- Spiritual embodiment in yoruba pentecostalism in southwestern Nigeria -- A silence like thunder: pastoral and theological responses of Australian pentecostal-charismatic churches to LGBT individuals -- Mintaining sexual purity: ritualized, embodied, and spatial strategies among neo-charismatics in stockholm -- Body limited: belief and (trans) formations of the body in a pentecostal Roma community -- Ahegemonic masculinity: ethos and consumption in the universal church of the kingdom of God, Brazil -- Women and pentecostalism in zimbabwe: negotiating leadership in the zimbabwe assemblies of God forward in faith (ZAOGA FIF) ministry, harare -- Contra-deprivation: a bourdieusian analysis of hte production of glossolalia as a competitive form of religius capital. | |
| 526 | _aSEG42 | ||
| 526 | _aSEG41 | ||
| 526 | _aSEG40 | ||
| 526 | _aSEG39 | ||
| 526 | _aP94 | ||
| 526 | _aP87 | ||
| 526 | _aP86 | ||
| 526 | _aP85 | ||
| 526 | _aP77 | ||
| 526 | _aP76 | ||
| 526 | _aP35 | ||
| 541 | _20180305; | ||
| 650 | 1 | 4 | _aPentecostalismo. |
| 700 | 1 |
_aAlthouse, Peter, _eeditor. |
|
| 700 | 1 |
_aWilkinson, Michael, _eeditor. |
|
| 910 |
_adbm _bjpc _cjpc _d20180309 |
||
| 942 |
_2ddc _cBOOK |
||
| 994 |
_aC0 _bPEPRU |
||
| 596 | _a1 | ||
| 999 |
_a270.82 A5 _wDEWEY _c27129 _i78412 _d27129 _f2021-11-11 _g5 _lCCODEBUL1 _mBUL _p201.00 _q1 _r0 _sY _tBOOK _u2018-3-9 _xTEOLOGIA _PP35 _0DONACION _o.STAFF. Colección Teología |
||
| 980 |
_81 _gALBERTO SANCHEZ Responsable de Automatización |
||